| 000 | 00977nam a22002537a 4500 | ||
|---|---|---|---|
| 005 | 20170124102933.0 | ||
| 010 | _aA-994876 | ||
| 020 | _c200.00 | ||
| 035 | _aA-994876 | ||
| 037 | _bCen Lib/Ret | ||
| 040 |
_aDPL _bHN |
||
| 082 |
_a080 _bनागर |
||
| 100 |
_aनागर, विष्णु _9210 |
||
| 245 |
_aआज और अभी / _cविष्णु नागर |
||
| 246 |
_aAaj aur abhi / _bby Vishnu Naagar |
||
| 260 |
_bप्रवीण प्रकाशन _aनई दिल्ली _c2000 |
||
| 270 |
_a1/1079-ई, महरौली _bनई दिल्ली _e110030 |
||
| 300 |
_a215पृ. _c20सेमी (सजिल्द) |
||
| 650 |
_aहिन्दी -- साहित्य _945773 |
||
| 650 |
_aनागर -- विष्णु -- साहित्य _945774 |
||
| 650 |
_aHindi literature _945775 |
||
| 650 |
_aNaagar -- Vishnu -- literature _945776 |
||
| 942 |
_2ddc _cHN _h080 _mनागर |
||
| 999 |
_c112077 _d112077 |
||